| Tag |
First Indicator |
Second Indicator |
Subfields |
| LEADER |
00000cas a2200000Ii 4500 |
| 001 |
in00004059310 |
| 005 |
20190718163127.0 |
| 008 |
190411c20099999qa ar 1 0eng d |
| 035 |
|
|
|a (OCoLC)on1096327106
|
| 035 |
|
|
|a (OCoLC)1096327106
|
| 040 |
|
|
|a TXA
|b eng
|e rda
|c TXA
|d UtOrBLW
|
| 043 |
|
|
|a a-qa---
|
| 049 |
|
|
|a TXAM
|
| 090 |
|
|
|a LD5309.A14
|b A146
|
| 111 |
2 |
|
|a Annual Scientific Visualization Development Competition,
|j author.
|
| 245 |
1 |
0 |
|a Annual Scientific Visualization Development Competition :
|b summary report.
|
| 246 |
3 |
0 |
|a Summary report
|
| 264 |
|
1 |
|a Doha, Qatar :
|b Research Computing, Information Technology Services
|
| 300 |
|
|
|a volumes :
|b color illustrations ;
|c 30 cm
|
| 310 |
|
|
|a Annual
|
| 336 |
|
|
|a text
|b txt
|2 rdacontent
|
| 337 |
|
|
|a unmediated
|b n
|2 rdamedia
|
| 338 |
|
|
|a volume
|b nc
|2 rdacarrier
|
| 362 |
1 |
|
|a Began with 1st (2009)?
|
| 500 |
|
|
|a Title from cover.
|
| 588 |
|
|
|a Description based on: 2nd (2010); title from cover.
|
| 588 |
|
|
|a Latest issue consulted: 2nd (2010).
|
| 650 |
|
0 |
|a Three-dimensional imaging
|v Congresses.
|0 http://id.loc.gov/authorities/subjects/sh2010116514
|
| 650 |
|
0 |
|a Three-dimensional imaging
|z Qatar
|v Congresses.
|
| 710 |
2 |
|
|a Texas A & M University at Qatar.
|b Information Technology Services.
|b Research Computing,
|e issuing body.
|
| 948 |
|
|
|a cataloged
|b h
|c 2019/04/11
|d o
|e zdobbs
|f 8:35:42 am
|
| 994 |
|
|
|a C0
|b TXA
|
| 999 |
f |
f |
|s b0de0aac-39f4-3483-9806-7e537f2a03be
|i 5d82fc63-667a-38ac-81b9-c03c63765570
|t 0
|
| 952 |
f |
f |
|p noncirc
|a Texas A&M University
|b College Station
|c Cushing Memorial Library & Archives
|d Cushing: Texas A&M (Does not check out)
|t 0
|e LD5309.A14 A146
|h Library of Congress classification
|i unmediated -- volume
|
| 998 |
f |
f |
|a LD5309.A14 A146
|s 2nd (2010)
|t 0
|l Cushing: Texas A&M (Does not check out)
|